Studies in the philosophy of Charles Sanders Peirce.

Bibliographic Details
Main Author: Wiener, Philip P. (Philip Paul), 1905-1992
Other Authors: Young, Frederic Harold, 1905-
Format: Book
Language:English
Published: Cambridge : Harvard University Press, 1952.
Subjects:

MARC

Tag First Indicator Second Indicator Subfields
LEADER 00000cam a2200000 4500
001 in00000039391
005 20151007081708.0
008 720801s1952 eng u
010 |a  52005411  
035 |a (OCoLC)00371408 
035 |9 AAF6781AM 
040 |c WSU  |d TXA  |d UtOrBLW 
049 |a TXAM  |c [365389] 
050 0 |a B945.P44  |b W5 
092 |a 191.9  |b P3783w 
100 1 |a Wiener, Philip P.  |q (Philip Paul),  |d 1905-1992. 
245 1 0 |a Studies in the philosophy of Charles Sanders Peirce. 
264 1 |a Cambridge :  |b Harvard University Press,  |c 1952. 
300 |a 396 pages 
336 |a text  |b txt  |2 rdacontent 
337 |a unmediated  |b n  |2 rdamedia 
338 |a volume  |b nc  |2 rdacarrier 
600 1 0 |a Peirce, Charles S.  |q (Charles Sanders),  |d 1839-1914. 
700 1 |a Young, Frederic Harold,  |d 1905- 
999 |a MARS 
999 f f |s 301b98c3-ff05-3d8d-8abb-1783fed00d49  |i 4bc32cea-9a72-3671-8229-7a3395cf9017  |t 0 
952 f f |p ric  |a Texas A&M University  |b Rellis Campus  |c Joint Library Facility  |d Remote Storage  |t 0  |e B945.P44 W5  |h Library of Congress classification  |i unmediated -- volume  |m A14800541710 
998 f f |a B945.P44 W5  |t 0  |l Remote Storage